00780 2200229 4500001002100000005001700021008004100038035002400079082001100103090002200114100002000136245013000156260002900286300004000315500008400355500003500439650002700474850001500501980001300516985000600529999001500535YOGYA-0209000003943620090227025455.0 ind  0010-020900000039436 a297.77 a297.77bWaj PlSK aWAJIYATI, Warih aPembinaan agama Islam pada remaja masjid Jendral Sudirman di Kalurahan Caturtunggal Depok Slemancdisusun oleh Warih Wajiyati aYogyakartab[s.n.]c1996 axiii, 133, [25] lembarbilusc30 cm aSkripsi : Fakultas Dakwah Institut Agama Islam Negeri Sunan Kalijaga Yogyakarta aBibliografi : lembar [134-135] aPendidikan Agama Islam aYOPDYOG(B) a25-01-08 a1 a07A0028354